000 00694cab a22002055a 4500
001 L153665
008 110812e20110812xxkd f s 000 0 eng d
035 _a(Sirsi) u153665
041 0 _aeng
110 2 _aExperian Business Strategies
_94789
245 0 4 _aThe tracker
_bsigns of life
260 _c2011
490 _aBuilding
_v276 (8691) 12 August 2011, 48-49(2)
520 _aEconomic summary for June 2011 of the state of play, leading construction activity indicator, work in hand, and regional perspective in the UK.
590 _aKA
650 2 4 _aEXPERIAN CONSTRUCTION INDUSTRY FOCUS
651 4 _aUnited Kingdom
_y
690 _aBUILT ENVIRONMENT-CONSTRUCTION MARKET
942 _n0
999 _c83348
_d83348